000 00641nam a2200241 i 4500
001 bg
100 1 _aLEWIS, Richard
245 0 _aAdvanced financial accounting /
_cRichard Lewis, David Pendrill.
250 _a6th ed.
260 _aHarlow [etc.] :
_bPearson Education,
_c2000.
300 _aX, 677 s. ;
_c25 cm.
504 _aBibliogr. po rozdz.
650 9 _aRachunkowość
650 9 _aPrzedsiębiorstwo
_xfinanse
700 1 _aPENDRILL, David
020 _a0273638335
040 _cBPK
041 0 _aen
080 _a657:658.14/.17
920 _a0-273-63833-5
942 _cKS
008 s pl f |000 0 pol
999 _c42223
_d42223
856 _uhttp://koha.tu.koszalin.pl/cgi-bin/koha/opac-detail.pl?biblionumber=42223
_yKatalog online BPK